[Event "V. Art Pub Kupa"]
[Site "?"]
[Date "2014.08.10"]
[Round "7.11"]
[White "Terbe, Julianna"]
[Black "Farkas, Janos"]
[Result "1-0"]
[WhiteElo "2030"]
[BlackElo "1769"]
[PlyCount "55"]
[EventDate "2014.08.07"]
[SourceDate "2014.08.07"]

1. e4 e5 2. Nf3 Nc6 3. Be2 Bc5 4. Nxe5 Bxf2+ 5. Kxf2 Nxe5 6. Re1 Nh6 7. Kg1 Qh4
8. d4 Neg4 9. Bxg4 Nxg4 10. h3 Nf2 11. Qe2 Nxh3+ 12. gxh3 Qg3+ 13. Kh1 d6 14.
Nd2 Bxh3 15. Rg1 Qh4 16. Nf3 Qe7 17. Rxg7 Bf5 18. Bg5 Qxe4 19. Re1 d5 20. Qb5+
Kf8 21. Rxe4 Kxg7 22. Rf4 c6 23. Qf1 Be4 24. Bf6+ Kg8 25. Qg2+ Bg6 26. Qh3 h5
27. Bxh8 Kxh8 28. Ne5 1-0